| 000 | 01158cam a2200337 a 4500 | ||
|---|---|---|---|
| 999 |
_c21298 _d21298 |
||
| 001 | 12952677 | ||
| 003 | OSt | ||
| 005 | 20200605121200.0 | ||
| 008 | 020826s2002 ii bs 001 0 eng | ||
| 010 | _a 2002302107 | ||
| 020 | _a8173915156 | ||
| 025 | _aI-E-2002-302107; 70-13; 89-13 | ||
| 035 | _a(DLC) 2002302107 | ||
| 037 |
_bLibrary of Congress -- New Delhi Overseas Office _cRs450.00 |
||
| 040 |
_aDLC _coclc _dDLC |
||
| 042 | _alcode | ||
| 043 | _aa-ii--- | ||
| 050 | 0 | 0 |
_aHQ1236.5.I4 _bM45 2002 |
| 082 |
_a320.840820954 _bMEH/P |
||
| 100 |
_aMehta, G S _d1954- _92525 |
||
| 245 | 1 | 0 |
_aParticipation of women in the panchayati raj system / _cG.S. Mehta. |
| 260 |
_aNew Delhi : _bKanishka Publishers, Distributors, _c2002. |
||
| 300 |
_avi, 205 p. ; _c22 cm. |
||
| 500 | _aIncludes statistical tables. | ||
| 504 | _aIncludes bibliographical references (p. [198]-202) and index. | ||
| 520 | _aWith reference to India. | ||
| 650 | 0 |
_aPanchayat _zIndia. |
|
| 906 |
_a7 _bcbc _corigode _d3 _encip _f20 _gy-gencatlg |
||
| 942 |
_2ddc _cBK _h320.840820954 _iMEH/P _k320.840820954 _mMEH/P |
||